| 000 | 00483nam a2200157Ia 4500 | ||
|---|---|---|---|
| 008 | 240729s9999 xx 000 0 und d | ||
| 022 | _a2545-5818 | ||
| 245 | 0 | _aArid Zone Journal of Engineering, Technology and Environment | |
| 260 | _aNigeria | ||
| 260 | _bUniversity of Maiduguri | ||
| 650 | _a Engineering (General). Civil engineering (General) | ||
| 650 | _aTechnology | ||
| 856 | _uhttps://doaj.org/toc/5ad1147316af4461933e03c8fa22b86d | ||
| 942 | _2ddc | ||
| 942 | _cDOAJEJ | ||
| 999 |
_c66560 _d66560 |
||
| 945 |
_a1 _bMadushi Gamage _c1 _dMadushi Gamage |
||